| 000 | 00660nam a22002057a 4500 | ||
|---|---|---|---|
| 005 | 20221213061528.0 | ||
| 008 | 221213b |||||||| |||| 00| 0 eng d | ||
| 020 | _a9966411070 | ||
| 040 |
_aKNATCOM-UNESCO _cKNATCOM-UNESCO |
||
| 098 | _a2.05MUG 2003 | ||
| 100 | _aMugenda Olive M. | ||
| 245 |
_aResearch Methods : _bQuantitative and Qualitative Approaches / _cOlive M. Mugenda and Abel G. Mugenda. |
||
| 250 | _a2nd edition | ||
| 260 |
_aNairobi : _bActs press, _c2003. |
||
| 300 | _axi.256p. : | ||
| 500 | _aInclude bibliographic references and Indexes | ||
| 650 | _aMethodology | ||
| 700 | _aMugenda Abel G. | ||
| 942 |
_2UNESCO _cBK _h2.05MUG _k2.05 _mMUG _n0 |
||
| 999 |
_c6341 _d6341 |
||